Personnes réelles - Mort subite - Statistiques

Statistiques générales
  • Ce quiz a été pris 96 443 fois
    95 755 depuis la dernière actualisation
  • Le résultat moyen est 7 sur 20
Answers on the Grid
Answers color-coded by a green-red scale on the quiz's grid according to % correct below.
Ésope
Rosa Parks
Cléopâtre
Jésus
Confucius
Nefertiti
Nicolas Flamel
Genghis Khan
Hannibal
John Dalton
Imhotep
Lawrence d’Arabie
Mohandas Karamchand Gandhi
Nikola Tesla
Nostradamus
Pocahontas
Virgile
Calamity Jane
Geronimo
Maximilien de Robespierre
Willy Wonka
Tom Sawyer
Ronald McDonald
Rocky Balboa
Robin des Bois
Hubert Bonisseur de La Bath
Ulysse
Arthur Pendragon
James Bond (007)
Indiana Jones
Conan le Barbare
Hercule Poirot
Ebenezer Scrooge
Victor Frankenstein
Baba Yaga
Anna Karénine
 
Statistiques - réponses
Réponse % Correct
Cléopâtre
59%
Rosa Parks
55%
Jésus
49%
Nikola Tesla
49%
Maximilien de Robespierre
45%
Nefertiti
43%
Genghis Khan
40%
Confucius
37%
Mohandas Karamchand Gandhi
33%
Hannibal
32%
Nostradamus
30%
Pocahontas
27%
Lawrence d’Arabie
23%
Virgile
23%
Nicolas Flamel
22%
Calamity Jane
21%
Geronimo
21%
Imhotep
20%
Ésope
19%
John Dalton
15%
Aucun quiz correspondant
Distribution des résultats
% des personnes avec chaque résultat
Percentile par nombre de réponses
Votre historique - résultats
Vous n’avez pas pris ce quiz depuis la dernière actualisation